Karpuradi Stotra (Record no. 16311)

MARC details
000 -LEADER
fixed length control field 00385nam a2200157 a 4500
020 ## - INTERNATIONAL STANDARD BOOK NUMBER
ISBN 8177557327
082 00 - DEWEY DECIMAL CLASSIFICATION NUMBER
Classification number 294.543
Author Cutter AVA
100 ## - MAIN ENTRY--AUTHOR NAME
Author name Avalon, Arthur
245 ## - TITLE STATEMENT
Title Karpuradi Stotra
260 ## - PUBLICATION, DISTRIBUTION, ETC. (IMPRINT)
Place of publication New Delhi
Name of publisher Cosmo Publications
Year of publication 2004
300 ## - PHYSICAL DESCRIPTION
Number of Pages 70p
500 ## - GENERAL NOTE
General note includes index and biblioraphy
650 ## - SUBJECT ADDED ENTRY--TOPICAL TERM
Topical Term Meditation-Hinduism
942 ## - ADDED ENTRY ELEMENTS (KOHA)
Koha item type Books
700 1# -
-- Avalon, Arthur
Holdings
Collection code Home library Current library Date acquired Cost, normal purchase price Full call number Accession Number Koha item type
  Henry Martyn Institute Library Henry Martyn Institute Library 03/22/2007 595.00 294.543 AVA 021972 Books
                   Copyright © 2026 | Henry Martyn Institute | Hyderabad | TS-500052 | INDIA | Implemented by hmi.edu.in
Hit-Count:

Powered by Koha